000 00725nam a2200229Ia 4500
003 GCL
008 140319s9999 xx 000 0 ara d
040 _aGCL /
_cGCL
082 0 4 _aق
_b962.16
_bع ف
100 1 _aعبدالرحمن زكى
245 1 0 _aالفسطاط وضاحيتاتها العسكر والقطائع /
_cعبدالرحمن زكى
300 _a100 ص
490 _aالمكتبة الثقافية
_v0
650 0 4 _aالخرائط
650 0 4 _aالفسطاط
650 0 4 _aجامع عمرو بن العاص
650 0 4 _aالكنائس
650 0 4 _aخليج أمير المؤمنين
650 0 4 _aخريطة جزيزة الروضة
650 0 4 _aخريطة للفسطاط
942 _2ddc
_cBK
999 _c39281
_d39281